00403nam a2200157Ia 4500003000900000008004100009040001600050080001600066100002200082245004100104260002600145300001300171650001900184650002000203650002200223IN-BaIIA211028s9999 xx 000 0 eng d cIIA Library a539.17bJAC aJackson, Daphne F 0aNuclear reactionscDaphne F. Jackson aLondonbMethuenc1970 ax, 260p. aNASA Thesaurus aNuclear physics aNuclear reactions